00393 2200109 4500001002100000005001500021035002000036245010200056110004400158300001900202260006200221INLIS00000000000220320260504111857 a0010-05260000011 aBuku Saku Program dan Penerima Program Dukungan Kesejahteraan Tahun 2026 :b0% Kemiskinan Ekstrem2 aKantor Staf Presiden Republik Indonesia b81 hlm.; ilus. aJakarta :bKantor Staf Presiden Republik Indonesia,c2026